000 00683nam a2200289Ia 4500
005 20260324120449.0
008 008 260324s9999 xx 000 0 eng d
020 _a9781315744216
037 _aEBOOK
040 _aCRL
040 _beng
040 _cCRL
041 _2eng
041 _aeng
084 _qCRL
100 _aFrederik Poulsen
_91158676
245 0 _aRepresenting Zion
245 0 _bJudgement and Salvation in the Old Testament
260 _bTaylor and Francis
260 _c2015
365 _a
365 _b230
856 _uhttp://www.taylorfrancis.com/books/9781315744216
942 _cEBOOK
999 _c1750222
_d1750222